00333nam a2200121Ia 4500008004100000041000800041082001500049100002100064245004500085260004800130300002600178365000700204240624s9999 xx 000 0 und d aeng a330.01 AKE aAKERLOF GEORGE A aPHISHING FOR PHOOLS THE ECONOMICS OF MAN c2015aPrincetonbPrinceton University Press axvi, : 272 : cm. ; 24 cRS